Undang-undang perhubungan perusahaan di Malaysia / (Record no. 1786)

000 -LEADER
fixed length control field nam a22 a 4500
003 - CONTROL NUMBER IDENTIFIER
control field AKMAL
005 - DATE AND TIME OF LATEST TRANSACTION
control field 20170512090237.0
008 - FIXED-LENGTH DATA ELEMENTS--GENERAL INFORMATION
fixed length control field 170512s1985 my 00 may d
020 ## - INTERNATIONAL STANDARD BOOK NUMBER
International Standard Book Number 9679762181
040 ## - CATALOGING SOURCE
Original cataloging agency AKMAL
082 04 - DEWEY DECIMAL CLASSIFICATION NUMBER
Classification number 343.59507867 WUM
090 00 - LOCALLY ASSIGNED LC-TYPE CALL NUMBER (OCLC); LOCAL CALL NUMBER (RLIN)
Classification number (OCLC) (R) ; Classification number, CALL (RLIN) (NR) 343.59507867
Local cutter number (OCLC) ; Book number/undivided call number, CALL (RLIN) WUM
100 1# - MAIN ENTRY--PERSONAL NAME
Personal name Wu, Min Aun
9 (RLIN) 3693
245 10 - TITLE STATEMENT
Title Undang-undang perhubungan perusahaan di Malaysia /
Statement of responsibility, etc. Wu Min Aun
260 ## - PUBLICATION, DISTRIBUTION, ETC.
Place of publication, distribution, etc. Kuala Lumpur :
Name of publisher, distributor, etc. Heinemann (Malaysia) Sdn. Bhd.,
Date of publication, distribution, etc. 1985
300 00 - PHYSICAL DESCRIPTION
Extent xxvi, 237p. ;
Dimensions 22cm
650 #0 - SUBJECT ADDED ENTRY--TOPICAL TERM
Topical term or geographic name entry element Industrial relations
General subdivision Law and legislation
Geographic subdivision Malaysia
9 (RLIN) 3694
650 #0 - SUBJECT ADDED ENTRY--TOPICAL TERM
Topical term or geographic name entry element Labor laws and legislation
Geographic subdivision Malaysia
9 (RLIN) 3695
650 #0 - SUBJECT ADDED ENTRY--TOPICAL TERM
Topical term or geographic name entry element Industrial laws and legislation
Geographic subdivision Malaysia
9 (RLIN) 3696
942 ## - ADDED ENTRY ELEMENTS (KOHA)
Source of classification or shelving scheme
Koha item type Book
Holdings
Withdrawn status Lost status Source of classification or shelving scheme Damaged status Not for loan Collection code Home library Current library Shelving location Date acquired Inventory number Total Checkouts Full call number Barcode Date last seen Price effective from Koha item type
          NON-FICTION AKMAL Melaka AKMAL Melaka PINJAMAN 12.05.2017 002825   343.59507867 WUM 201705756 12.05.2017 12.05.2017 Book
Pusat Sumber Maklumat Dato' Haji Sarmin Md Hussin, Akademi Kastam Diraja Malaysia, Melaka
Tel: 06-2331106 | Faks: 06-2313787